000 00254nam a2200109Ia 4500
008 200302s9999 xx 000 0 und d
100 _aMariella Gardella
245 _aCapri Style
260 _bImages Publishing, Austraila
260 _c2006
300 _a170
999 _c4607
_d4607